000
00258nam a2200097Ia 4500
008
230907s9999||||xx |||||||||||||| ||und||
082
_a
658.26
_b
ZHO
245
0
_a
Combustion optimization based on computational intelligence /
300
_a
270 p.
942
_c
BK
999
_c
599877
_d
599877